EXCELLING PHYSICS: LEARNER'S BOOK , GRADE 10 (Record no. 216763)

MARC details
000 -LEADER
fixed length control field 00440nam a22001457a 4500
008 - FIXED-LENGTH DATA ELEMENTS--GENERAL INFORMATION
fixed length control field 260303b |||||||| |||| 00| 0 eng d
020 ## - INTERNATIONAL STANDARD BOOK NUMBER
International Standard Book Number 978-9914-55-238-6
100 ## - MAIN ENTRY--PERSONAL NAME
Personal name OMOLLO, HESBORNE O.
245 ## - TITLE STATEMENT
Title EXCELLING PHYSICS: LEARNER'S BOOK , GRADE 10
260 ## - PUBLICATION, DISTRIBUTION, ETC.
Place of publication, distribution, etc. NAIROBI
Name of publisher, distributor, etc. KENYA LITERATURE BUREAU
Date of publication, distribution, etc. 2025
300 ## - PHYSICAL DESCRIPTION
Extent IV, 300P.
650 ## - SUBJECT ADDED ENTRY
Topical term or geographic name entry element PHYSICS-TEXTBOOK- STUDY AND TEACHING (SECONDARY)
942 ## - ADDED ENTRY ELEMENTS (KOHA)
Source of classification or shelving scheme Library of Congress Classification
Koha item type Long Loan Book
Holdings
Withdrawn status Lost status Source of classification or shelving scheme Damaged status Not for loan Collection Home library Current library Date acquired Inventory number Total checkouts Full call number Barcode Date last seen Copy number Price effective from Koha item type
    Library of Congress Classification     Science & Technology Kisii University Library Kisii University Library 03/03/2026 112282   QC 21.2 .E93 2025 V.10 A000246 03/03/2026 1 03/03/2026 Long Loan Book
    Library of Congress Classification     Science & Technology Kisii University Library Kisii University Library 03/03/2026 112283   QC 21.2 .E93 2025 V.10 A000245 03/03/2026 2 03/03/2026 Long Loan Book
    Library of Congress Classification     Science & Technology Kisii University Library Kisii University Library 03/03/2026 112284   QC 21.2 .E93 2025 V.10 A000248 03/03/2026 3 03/03/2026 Long Loan Book
    Library of Congress Classification     Science & Technology Kisii University Library Kisii University Library 03/03/2026 112285   QC 21.2 .E93 2025 V.10 A000247 03/03/2026 4 03/03/2026 Long Loan Book
    Library of Congress Classification     Science & Technology Kisii University Library Kisii University Library 03/03/2026 112286   QC 21.2 .E93 2025 V.10 A000250 03/03/2026 5 03/03/2026 Long Loan Book